00781nam a2200241 i 4500003000900000005001700009007000300026008004100029020001800070040003000088041000800118082001900126100003500145245011800180264004300298300004300341336002700384337003300411338002800444500001900472521001500491700003300506DO-SdBNP20260212105559.0ta260212s2025 dr a 000 0 spaspa d a9789945934663 aDO-SdBNPbspacBNPHUerda aspa 4axxxbR457L2221 aReyes Peña, Gladys A.eautor10aLengua Española :baprendiendo con Tatica , 2do. grado, primer ciclo /cGladys A. Reyes Peña ; Lía, Sued C. aSanto Domingo :bEditora Búho,c2025 a265 páginas :bilustracionesc29 cm. 2rdacontentatextobtxt 2rdamediaasin mediaciónbn 2rdacarrieravolumenbnc aVersion scrip. aPreescolar1 aSued, Lía, eilustraciones